[Event "Budapest FS07 IM-A"]
[Site "Budapest"]
[Date "2009.07.05"]
[Round "2"]
[White "Biro, Sandor"]
[Black "Khadempour, Farhad"]
[Result "1-0"]
[WhiteElo "2312"]
[BlackElo "2180"]
[PlyCount "93"]
[EventDate "2009.07.04"]
[EventType "tourn"]
[EventRounds "11"]
[EventCountry "HUN"]
[SourceTitle "CBM 131 Extra"]
[Source "ChessBase"]
[SourceDate "2009.09.03"]
[SourceVersion "2"]
[SourceVersionDate "2009.09.16"]
[SourceQuality "1"]

1. b3 e5 2. Bb2 Nc6 3. e3 d5 4. Bb5 Bd6 5. f4 Qe7 6. Nf3 Bg4 7. fxe5 Bxe5 8. Bxe5 Bxf3 9. Qxf3 Qxe5 10. d4 Qd6 11. 0-0 Nf6 12. c4 0-0 13. Nc3 Ne7 14. c5 Qe6 15. Bd3 c6 16. Rae1 Rae8 17. h3 Ng6 18. Qg3 b5 19. cxb6 axb6 20. Qc7 Rb8 21. Bf5 Qe8 22. Na4 b5 23. Nc5 Ne7 24. Bd3 Qd8 25. Qg3 Nd7 26. Nxd7 Qxd7 27. Rf6 Rbd8 28. Rc1 Kh8 29. Qh4 g6 30. Qf4 Kg7 31. h4 h5 32. Qe5 Kg8 33. Rcf1 Rde8 34. Qg5 Kg7 35. g3 Qc7 36. Kh2 Ra8 37. Bb1 Rae8 38. R1f2 Qd7 39. R2f4 Qc7 40. Kg2 Qd7 41. g4 hxg4 42. h5 Ng8 43. hxg6 Nxf6 44. gxf7+ Kxf7 45. Rxf6+ Ke7 46. Rg6+ Kf7 47. Qf6# 1-0